| 000 | 00422nam a2200133 a 4500 | ||
|---|---|---|---|
| 001 | 000035139 | ||
| 005 | 20200930074129.0 | ||
| 008 | 111025s1896 sp 000 0 spa d | ||
| 040 |
_aDO-SdBNP _bspa _cBNPHU |
||
| 100 | 1 |
_aSánchez Seña, Enrique _960840 |
|
| 245 | 1 | 3 |
_aLa fuente de los milagros. / _cEnrique Sánchez Seña. |
| 260 |
_aMadrid : _bR, Velasco, Impresor, Marques de Santa Ana, _c1896. |
||
| 300 |
_a36 p. ; _c21 cm. |
||
| 999 |
_c34630 _d34630 |
||